Etiquette in Kodi spirit communication : the lips told to pronounce, the mouths told to speak

Bibliographic Details
Published in:To speak in pairs, ed. by James J. Fox, Cambridge, 1988, P. 29-63 (Cambridge studies in oral and literate culture)
Main Author: Hoskins, Janet A.
Content type: Article
Published: 1988
Source:MPIPL_cat

MARC

LEADER 00000naa a2200000 u 4500
001 PL0052332
003 PLI01000000000000000052065
005 00000000000000.0
008 ||| u
100 1 |a Hoskins, Janet A. 
245 0 0 |a Etiquette in Kodi spirit communication  |b the lips told to pronounce, the mouths told to speak  |c Janet A. Hoskins 
260 |c 1988 
773 0 8 |t To speak in pairs  |a ed. by James J. Fox  |d Cambridge, 1988  |g P. 29-63  |k Cambridge studies in oral and literate culture  |w MPIPL_cat.PL0052330  |z 0-521-34332-1  |i In: 
952 |j 1988  |h P. 29-63 
996 |a Aufsatz 
997 |a book chapter